Wes Anderson Movies Quiz Stats

 Plays Quiz Updated May 25, 2018

Score 0/9 Timer 03:00
3 Plays Today
Year Movie Title % Correct
2014The Grand Budapest Hotel
90.5%
2001The Royal Tenenbaums
87.4%
2004The Life Aquatic with Steve Zissou
86.4%
2012Moonrise Kingdom
82.5%
1998Rushmore
80.8%
2009Fantastic Mr. Fox
78.4%
2007The Darjeeling Limited
75%
1996Bottle Rocket
74.3%
2018Isle of Dogs
52.9%

You're not logged in!

Compare scores with friends on all Sporcle quizzes.
OR
Log In

Sporcle TV

Today on Sporcle TV


Watch our educational content, quiz creation guides, and fun videos on Sporcle TV.

Show Comments

Extras

Top Quizzes Today


Score Distribution

Your Account Isn't Verified!

In order to create a playlist on Sporcle, you need to verify the email address you used during registration. Go to your Sporcle Settings to finish the process.

Report this User

Report this user for behavior that violates our Community Guidelines.

Details: